000 00778pam a2200229 4500
001 8231
005 20181127185426.0
008 960619s1996 nyu b 001 0 eng
010 _a 96028343
020 _a0306454017
082 0 0 _a302.23/44/0973
_220
100 1 _aScott, Gini Graham.
245 1 0 _aCan we talk? :
_bthe power and influence of talk shows /
_cGini Graham Scott.
260 _aNew York :
_bInsight Books,
_cc1996.
300 _avi, 329 p. ;
_c22 cm.
504 _aIncludes bibliographical references and index.
650 0 _aRadio broadcasting
_xSocial aspects
_zUnited States.
650 0 _aRadio talk shows.
650 0 _aTelevision broadcasting
_xSocial aspects
_zUnited States.
650 0 _aTelevision talk shows.
999 _c7101
_d7101